Normal view
MARC view
Entry Personal Name
001 - CONTROL NUMBER
- control field: 55576
003 - CONTROL NUMBER IDENTIFIER
- control field: dpl
005 - DATE AND TIME OF LATEST TRANSACTION
- control field: 20230829140632.0
008 - FIXED-LENGTH DATA ELEMENTS
- fixed length control field: 230829|| aca||aabn | a|a d
040 ## - CATALOGING SOURCE
- Original cataloging agency: dpl
- Transcribing agency: dpl
100 ## - HEADING--PERSONAL NAME
- Personal name: शर्मा,श्याम सुन्दर
670 ## - SOURCE DATA FOUND
- Source citation: Work cat.: (dpl)103612: शर्मा,श्याम सुन्दर, ऊ्र्रर्जा का नया स्रोत: गैस हाइड्रेट /, 2014
